000 00410nam a2200169 a 4500
001 0000-8981
003 ELIB.Books
008 110520 1991
035 _a(ELIB.Books)0000-9130
082 _a266
_bBos
100 _aBosch, David J.
245 _aTransforming Mission
260 _bMaryknoll: Orbis Books
_c1991
650 _aMission
942 _2ddc
_cBK
998 _cbat
_e2011-05-20
999 _c8981
_d8981